Statistics for North American Countries with Fewer than One Million People

Click here to take the quiz!

General Stats

  • This quiz has been taken 140 times
  • The average score is 9 of 9

Answer Stats

PopulationCountry% Correct
53,544Saint Kitts and Nevis
99%
98,643Antigua and Barbuda
98%
184,312Saint Lucia
98%
111,263Saint Vincent and the Grenadines
98%
287,667Barbados
96%
112,977Grenada
96%
396,472Bahamas
93%
72,167Dominica
93%
404,031Belize
90%

Score Distribution

Percentile by Number Answered

Percent of People with Each Score

Your Score History

You have not taken this quiz